000 00444nam a2200181Ia 4500
001 1272
005 20260306140620.0
008 260306t2012||||xx |||||||||||||| ||spa||
041 _aESP
082 _a190
_bP75
100 _aPolo, Leonardo 1926-2013
_eAUT
245 0 _aEstudios de filosofía moderna y contemporánea
260 _c2012
300 _a354 páginas :
_c24 cm.
650 _aGEN
654 _aCHU
942 _cLIB
_dJUS
_fJUS
_2ddc
_n
999 _c1272
_d1272